Sports Quiz

Random Sports or Golf Quiz

Jack and Tiger Majors Quiz Stats

Quiz not verified by Sporcle

Challenge
Share
Tweet
Score 0/32 Timer 03:00
0 Plays Today
% Correct
Augusta
98.2%
Augusta
98.2%
Augusta
98.2%
Augusta
98.2%
Augusta
96.4%
Augusta
96.4%
Augusta
96.4%
Augusta
94.5%
Augusta
92.7%
Augusta
92.7%
Pebble Beach
90.9%
Pebble Beach
89.1%
St Andrews
87.3%
Baltusrol
85.5%
Medinah
85.5%
St Andrews
83.6%
% Correct
Torrey Pines
81.8%
Bethpage Black
81.8%
Royal Liverpool
81.8%
St Andrews
80%
Southern Hills
80%
St Andrews
80%
Oakmont
78.2%
Medinah
78.2%
Baltusrol
74.5%
Valhalla
74.5%
Canterbury
72.7%
Muirfield
72.7%
Firestone
70.9%
PGA National GC
65.5%
Dallas Athletic Club
63.6%
Oak Hill
60%

You're not logged in!

Compare scores with friends on all Sporcle quizzes.
Sign Up with Email
OR
Log In

You Might Also Like...

Show Comments

Extras

Top Quizzes Today


Score Distribution

Your Account Isn't Verified!

In order to create a playlist on Sporcle, you need to verify the email address you used during registration. Go to your Sporcle Settings to finish the process.